[Event "ROM-ch U08"]
[Site "Calimanesti Caciulata"]
[Date "2016.04.24"]
[Round "8"]
[White "Radu, David Cr"]
[Black "Popescu, Razvan Cristian"]
[Result "1-0"]
[WhiteElo "1127"]
[BlackElo "1010"]
[PlyCount "65"]
[EventDate "2016.04.18"]
[EventType "swiss"]
[EventRounds "9"]
[EventCountry "ROU"]
[SourceTitle "CBM 172 Extra"]
[Source "ChessBase"]
[SourceDate "2016.06.21"]
[SourceVersion "1"]
[SourceVersionDate "2016.06.21"]
[SourceQuality "1"]

1. e4 c5 2. c3 d5 3. exd5 Qxd5 4. d4 e6 5. Nf3 Nc6 6. Be2 Nf6 7. 0-0 Bd6 8. Be3 0-0 9. c4 Qh5 10. Nc3 e5 11. d5 Bg4 12. dxc6 Bxf3 13. Bxf3 e4 14. Bxh5 Nxh5 15. Qxh5 bxc6 16. Bxc5 Bxc5 17. Qxc5 Rfe8 18. Rfe1 Red8 19. Rxe4 Rac8 20. Rae1 h6 21. g3 a6 22. Re8+ Rxe8 23. Rxe8+ Rxe8 24. Qxc6 Re6 25. Qc8+ Kh7 26. Qd7 Kg6 27. c5 a5 28. c6 Kh7 29. c7 Re1+ 30. Kg2 f6 31. c8Q h5 32. Qcc7 Kh8 33. Qxg7# 1-0

[Event "ROM-ch U08"]
[Site "Calimanesti Caciulata"]
[Date "2016.04.23"]
[Round "7"]
[White "Popescu, Razvan Cristian"]
[Black "Covrig, Raul Alexandru"]
[Result "1-0"]
[WhiteElo "1010"]
[BlackElo "1209"]
[PlyCount "98"]
[EventDate "2016.04.18"]
[EventType "swiss"]
[EventRounds "9"]
[EventCountry "ROU"]
[SourceTitle "CBM 172 Extra"]
[Source "ChessBase"]
[SourceDate "2016.06.21"]
[SourceVersion "1"]
[SourceVersionDate "2016.06.21"]
[SourceQuality "1"]

1. e4 e5 2. Nf3 Nc6 3. Bc4 Nf6 4. Ng5 d5 5. exd5 Nxd5 6. Nxf7 Kxf7 7. Qf3+ Qf6 8. Bxd5+ Be6 9. Bxc6 bxc6 10. Qxc6 Re8 11. Qxc7+ Re7 12. Qb8 Qg5 13. Rg1 Bh3 14. g3 g6 15. Nc3 Bg7 16. Qb3+ Be6 17. Ne4 Qxd2+ 18. Nxd2 Bxb3 19. Nxb3 Rhe8 20. Bg5 Bf6 21. Bxf6 Kxf6 22. 0-0-0 Rc8 23. f4 exf4 24. gxf4 Rec7 25. Rg2 Kf5 26. Rf2 Rc4 27. Rdf1 R8c7 28. Na5 Ra4 29. Nb3 Rac4 30. Nd2 Rxc2+ 31. Kb1 R2c6 32. Nb3 a5 33. Nd4+ Ke4 34. Nxc6 Rxc6 35. b3 Ke3 36. f5 gxf5 37. Rxf5 Ke2 38. h4 Rb6 39. R1f2+ Ke3 40. Kb2 h5 41. b4 Rb7 42. Rh2 Ra7 43. Rxh5 Kf4 44. Rh6 Kf5 45. Rg2 Ke4 46. h5 Kd3 47. Rd6+ Ke4 48. Rdg6 Kd3 49. Rh2 Rh7 1-0

[Event "ROM-ch U08"]
[Site "Calimanesti Caciulata"]
[Date "2016.04.21"]
[Round "5"]
[White "Muschet, Radu Vladut"]
[Black "Popescu, Razvan Cristian"]
[Result "0-1"]
[WhiteElo "1001"]
[BlackElo "1010"]
[PlyCount "65"]
[EventDate "2016.04.18"]
[EventType "swiss"]
[EventRounds "9"]
[EventCountry "ROU"]
[SourceTitle "CBM 172 Extra"]
[Source "ChessBase"]
[SourceDate "2016.06.21"]
[SourceVersion "1"]
[SourceVersionDate "2016.06.21"]
[SourceQuality "1"]

1. e4 c5 2. Nf3 d6 3. Nc3 Nc6 4. Bc4 e6 5. d3 Nf6 6. Bf4 Be7 7. Qe2 a6 8. 0-0 b5 9. Bb3 b4 10. Nb1 0-0 11. Qd1 Bb7 12. Kh1 Qc7 13. g3 Rac8 14. Nbd2 Rfe8 15. c3 e5 16. Be3 a5 17. Rb1 Ra8 18. Rg1 a4 19. cxb4 axb3 20. axb3 cxb4 21. Qe1 Rec8 22. Rc1 d5 23. exd5 Nxd5 24. Rc2 Nxe3 25. Rc1 Bf6 26. Rb1 Nd4 27. Rc1 Bc6 28. Rb1 Nxf3 29. fxe3 Nxe1+ 30. Rg2 Bxg2+ 31. Kg1 Nxd3 32. Kxg2 Qb7+ 33. Kf1 0-1